Statistics for Chevrolets by photo

Click here to take the quiz!

General Stats

  • This quiz has been taken 33 times
  • The average score is 19 of 44

Answer Stats

Answer% Correct
Camaro
83%
Corvette
83%
Spark
78%
Malibu
74%
Silverado
74%
Colorado
70%
Suburban
70%
Tahoe
65%
Aveo
61%
Chevelle
61%
Bel Air
57%
Volt
57%
El Camino
52%
Express
52%
Impala
52%
Blazer
48%
Cobalt
48%
Equinox
48%
HHR
48%
SSR
48%
Bolt EV
43%
Corvair
43%
Cruze
43%
Nova
43%
Trax
43%
Cavalier
39%
S-10
39%
Vega
39%
Nomad
35%
Orlando
35%
Astro
30%
Caprice
30%
Captiva
30%
Chevette
30%
Monte Carlo
30%
Beretta
22%
Monza
22%
Lacetti
17%
Task Force
17%
Fleetline
13%
Onix
13%
Series C
13%
Series D
13%
Townsman
13%

Score Distribution

Percentile by Number Answered

Percent of People with Each Score

Your Score History

You have not taken this quiz